| 000 | 00828nam a2200241 a 4500 | ||
|---|---|---|---|
| 001 | BRCA_2271 | ||
| 005 | 20190320203734.0 | ||
| 008 | 050704s2004 mx-a---###---#000-0#spa-d | ||
| 020 | _a9706517413 | ||
| 040 |
_aDLC _cDLC |
||
| 041 | _aspa | ||
| 044 | _amx | ||
| 050 | 4 |
_aTR28 _b.C54 2004 |
|
| 245 | 1 | 0 |
_a160 [i.e. Ciento Sesenta] años de fotografía en México _cinvestigación, compilación y edición Estela Treviño. |
| 260 |
_aMéxico _bCONACULTA : Fondo Editorial Tierra Adentro : Océano _c2004 |
||
| 300 |
_a703 p. _bil. _c28 cm. |
||
| 500 | _aIncluye piezas de la colección Franz Mayer: p. 410 | ||
| 504 | _aBibliografía: p. 691-697 | ||
| 650 | 1 | 4 |
_aFotografía _xHistoria _ySiglo XIX-XX _zMéxico _96809 |
| 650 | 1 | 4 |
_aFotógrafos mexicanos _vBiografías _96810 |
| 700 | 1 |
_aTreviño, Estela _96811 |
|
| 942 |
_2lcc _cB |
||
| 999 |
_c2018 _d2018 |
||